| 000 | 00655nam a2200193 i 4500 | ||
|---|---|---|---|
| 001 | 180969 | ||
| 003 | ES-MaACL | ||
| 005 | 20250831062449.0 | ||
| 008 | 120918s1942 sp |||| | spa d | ||
| 080 | _a262.13 | ||
| 245 | 0 | 0 | _aColección de encíclicas y cartas pontificias. |
| 260 |
_aMadrid : _bSecretariado de Publicaciones de la Junta Técnica Nacional de la A.C.E., _c[1942] |
||
| 300 |
_a1778 p. ; _c18 cm. |
||
| 594 | _aPrecede al tít.: Acción Católica Española. | ||
| 610 | 2 | 7 |
_aIglesia Católica- _xDoctrinas _2 _9151420 |
| 710 | 2 |
_aAcción Católica Española. _91243 |
|
| 852 |
_aES-MaACL _jD-1636 |
||
| 999 |
_c180969 _d180969 |
||